| 000 | 00745nam a22002417a 4500 | ||
|---|---|---|---|
| 003 | PE SENCICO BE | ||
| 005 | 20251020182626.0 | ||
| 008 | 230217b |||||||| |||| 00| 0 eng d | ||
| 020 | _a978-84-252-2826-1 | ||
| 040 |
_aPE SENCICO BE _cPE SENCICO BE |
||
| 041 | _aspa | ||
| 082 |
_a628.44 _bP87 |
||
| 100 | 1 |
_9628 _aProctor, Rebecca _eautor |
|
| 245 | 1 |
_aUpcycle : _bmás que reciclaje, 24 proyectos DIY para el hogar / _cRebecca Proctor |
|
| 250 | _a[1a ed.] | ||
| 260 |
_aBarcelona: _bGustavo Gili, _c2015 |
||
| 300 |
_a143 p. : _bil. col., diagrs. _c24 cm. |
||
| 650 | 1 | 4 |
_9629 _aReciclaje |
| 650 | 2 | 4 |
_9630 _aArtesanía |
| 650 | 2 | 4 |
_9631 _aManualidades |
| 910 |
_bhfp _chfp |
||
| 942 |
_2ddc _cLIB _h628.44 _iP87 |
||
| 999 |
_c3832 _d3832 |
||